000 00825nam a22002297a 4500
001 06944
003 HDC
007 cr bn ---
008 210126b99999999be ||||| |||| 00| 0 eng d
040 _aHDC
245 0 _aPlatform for Ingredients in Europe
_c/ [The European Consulting Company]
260 _aBelgium:
_bEuropean Consulting Company,
_c[date of publication not identified]
300 _a1 online resource (8 pages)
336 _atext
_2rdacontent
337 _acomputer
_2rdamedia
338 _aonline resource
_2rdacarrier
710 _aEuropean Consulting Company
_eissuing body
856 _zRequest full-text at [email protected]
942 _2lcc
942 _cEBOOK
942 _kREPT 000109
999 _c4268
_d4268